Young Multi - Trap II - Statystyki

Ogólne statystyki
  • Ten quiz został rozwiązany 20 razy
  • Średni wynik to 380 z 452
Statystyki odpowiedzi
Odpowiedź % Poprawnych
dupą
100%
jak
100%
Jak
100%
je
100%
jest
100%
ma
100%
mocniej
100%
na
100%
Na
100%
po
100%
Pokaże
100%
robić
100%
Rzucaj
100%
suce
100%
ten
100%
to
100%
To
100%
trap
100%
Trap
100%
w
100%
W
100%
wchodź
100%
a
86%
A
86%
AK-47
86%
bagażniku
86%
będę
86%
blat
86%
bo
86%
bułę
86%
cały
86%
co
86%
czekasz
86%
do
86%
forsie
86%
gadasz
86%
gramy
86%
hoduje
86%
I
86%
jestem
86%
Kiedy
86%
kiedy
86%
klubu
86%
korek
86%
łapię
86%
łapie
86%
męczysz
86%
mi
86%
miał
86%
mlekiem
86%
młody
86%
Młody
86%
mnie
86%
nas
86%
nie
86%
Nie
86%
no
86%
o
86%
ogrodnikiem
86%
papier
86%
pierdolenie
86%
pod
86%
podaję
86%
potrzebę
86%
ręki
86%
sałatę
86%
scenie
86%
se
86%
się
86%
słyszę
86%
śniadanie
86%
sobie
86%
squad
86%
strzela
86%
Suko
86%
swoje
86%
szampanem
86%
teraz
86%
traper"
86%
trzymam
86%
typie
86%
Typy
86%
wchodził
86%
wodne
86%
Wołają
86%
Wpierdalam
86%
wtedy
86%
Zalewam
86%
że
86%
znam
86%
bujam
71%
chatę
71%
Drukuję
71%
jakbym
71%
kurwa
71%
miejscu
71%
mów
71%
Nesquik
71%
Nikt
71%
"piękny
71%
podchodź
71%
raper
71%
robię
71%
starcze
71%
stoi
71%
sukę
71%
71%
żadne
71%
zamułę
71%
zmoczę
71%
bity
57%
frajer
57%
gang
57%
gwiazda
57%
Mój
57%
mordę
57%
Multi
57%
najlepsze
57%
piecze
57%
Sharky
57%
większy
57%
współpracownik
57%
wytarł
57%
żebyś
57%
będą
43%
cała
43%
ciągle
43%
cipy
43%
gadać
43%
hity
43%
kręci
43%
ksywą
43%
kurwę
43%
Loopsy
43%
mówią
43%
niby
43%
obiecuję
43%
Ona
43%
piekarz
43%
piekę
43%
podłodze
43%
polska
43%
rynek
43%
siana
43%
spinę
43%
spinner
43%
szczeka
43%
szybko
43%
tak
43%
Traphouse
43%
Trapstar
43%
wmawiać
43%
wszystkie
43%
wszystkim
43%
wszystko
43%
zniknę
43%
Znowu
43%
znowu
43%
amstaff
29%
dalej
29%
Frooty
29%
myślisz
29%
Nowy
29%
przez
29%
scena
29%
siebie
29%
stąd
29%
trendsetter
29%
tu
29%
typom
29%
ustawiam
29%
Nie znaleziono quizów pasujących do podanych kryteriów
Rozkład punktacji
Procent ludzi z każdym wynikiem
Percentyl według liczby udzielonych odpowiedzi
Twoja historia wyników
Nie rozwiązałeś tego quizu